000 00722nam a2200205Ia 4500
003 GCL
008 140319s9999 xx 000 0 ara d
040 _aGCL /
_cGCL
082 0 4 _a330
_bع ع
100 1 _aعبدالمطلب عبدالحميد
245 1 0 _aالعولمة الاقتصادية :
_bمنظماتها - شركاتها - تداعياتها /
_cعبدالمطلب عبدالحميد
260 _aالقاهرة :
_bالدار الجامعية ،
_c2006
300 _a307 ص ؛
_c24 سم
650 0 4 _aالاقتصاد
650 0 4 _aالاستثمار
650 0 4 _aالشركات
650 0 4 _aالتكتلات الاقتصادية
650 0 4 _aالعولمة الاقتصادية
942 _2ddc
_cBK
999 _c8290
_d8290